[Event "European Blitz 2014"]
[Site "Wroclaw POL"]
[Date "2014.12.19"]
[Round "1.1"]
[White "Korobov, Anton"]
[Black "Szewczyk, Mariusz2"]
[Result "1-0"]
[WhiteTitle "GM"]
[WhiteElo "2693"]
[BlackElo "2049"]
[WhiteFideId "14105730"]
[BlackFideId "1147579"]
[EventDate "2014.12.19"]

1. d4 Nf6 2. c4 e6 3. Nf3 b6 4. a3 Bb7 5. Nc3 Be7 6. d5 O-O 7. e4 d6 8. Be2 e5
9. b4 Nbd7 10. Be3 a5 11. Nd2 axb4 12. axb4 c5 13. dxc6 Bxc6 14. O-O Qc7 15. Rc1
Qb7 16. b5 Bxe4 17. Ndxe4 Nxe4 18. Nxe4 Qxe4 19. Bf3 Qg6 20. Bxa8 Rxa8 21. Qd5 1-0

[Event "European Blitz 2014"]
[Site "Wroclaw POL"]
[Date "2014.12.19"]
[Round "1.1"]
[White "Ziebinski, Bartosz"]
[Black "Savchenko, Boris"]
[Result "0-1"]
[BlackTitle "GM"]
[WhiteElo "1985"]
[BlackElo "2599"]
[WhiteFideId "1139550"]
[BlackFideId "4147332"]
[EventDate "2014.12.19"]

1. e4 e6 2. d4 d5 3. Nd2 c5 4. exd5 exd5 5. Bb5+ Bd7 6. Qe2+ Be7 7. dxc5 Nf6 8.
Ngf3 O-O 9. Bxd7 Nbxd7 10. O-O Nxc5 11. Nb3 Nce4 12. Be3 Re8 13. Rad1 Qc7 14.
Nfd4 Bd6 15. h3 a6 16. c3 Rad8 17. Qf3 h6 18. Nf5 Be5 19. Nbd4 b5 20. Rfe1 Ng5
21. Bxg5 hxg5 22. Re3 Bf4 23. Red3 Re4 24. Nc2 Bh2+ 25. Kh1 Rf4 26. Qe3 Rxf5 27.
g3 Ne4 28. Rf1 Bxg3 29. f3 Bf4 30. Qf2 Nxf2+ 0-1

[Event "European Blitz 2014"]
[Site "Wroclaw POL"]
[Date "2014.12.19"]
[Round "1.1"]
[White "Riazantsev, Alexander"]
[Black "Kiolbasa, Oliwia"]
[Result "1-0"]
[WhiteTitle "GM"]
[BlackTitle "WFM"]
[WhiteElo "2684"]
[BlackElo "2133"]
[WhiteFideId "4125029"]
[BlackFideId "1154613"]
[EventDate "2014.12.19"]

1. d4 d5 2. c4 c6 3. Nf3 Nf6 4. Nc3 dxc4 5. a4 Bg4 6. e3 e5 7. dxe5 Qxd1+ 8.
Nxd1 Nfd7 9. Bxc4 Bxf3 10. gxf3 Nxe5 11. Be2 Bb4+ 12. Nc3 Nbd7 13. f4 Ng6 14.
Bd2 O-O 15. h4 Rad8 16. h5 Ne7 17. Bc4 Nb6 18. Bb3 Nbd5 19. O-O-O Nxc3 20. bxc3
Ba3+ 21. Kc2 Nd5 22. e4 Nb6 23. Be3 Be7 24. a5 Nc8 25. e5 Rxd1 26. Rxd1 Rd8 27.
Rg1 Kf8 28. f5 Bh4 29. Rg4 Be7 30. h6 g6 31. f6 Ba3 32. Ra4 Re8 33. Rxa3 Rxe5
34. Ra1 Rf5 35. Rd1 Ke8 36. a6 bxa6 37. Re1 Kf8 38. Bc4 Rxf6 39. Bc5+ Nd6 40.
Bxa6 1-0

[Event "European Blitz 2014"]
[Site "Wroclaw POL"]
[Date "2014.12.19"]
[Round "1.1"]
[White "Motyl, Tomasz"]
[Black "Navara, David"]
[Result "0-1"]
[BlackTitle "GM"]
[WhiteElo "2015"]
[BlackElo "2727"]
[WhiteFideId "1109502"]
[BlackFideId "309095"]
[EventDate "2014.12.19"]

1. g3 d5 2. Bg2 e5 3. c4 d4 4. d3 Bb4+ 5. Nd2 a5 6. Nf3 Nc6 7. O-O Nf6 8. Ng5
O-O 9. a3 Be7 10. b3 Nd7 11. Ngf3 Nc5 12. Rb1 Bf5 13. b4 axb4 14. axb4 Na4 15.
b5 Nc3 16. Qb3 Na5 17. Qc2 Nxb1 18. Qxb1 Re8 19. Nxe5 Bd6 20. Nef3 Bg6 21. Bb2
Rxe2 22. Ne4 0-1

[Event "European Blitz 2014"]
[Site "Wroclaw POL"]
[Date "2014.12.19"]
[Round "1.1"]
[White "Vitiugov, Nikita"]
[Black "Mackiewicz, Anna"]
[Result "1-0"]
[WhiteTitle "GM"]
[WhiteElo "2738"]
[BlackElo "1981"]
[WhiteFideId "4152956"]
[BlackFideId "1122347"]
[EventDate "2014.12.19"]

1. b3 Nf6 2. Bb2 g6 3. e4 Bg7 4. e5 Nd5 5. c4 Nb6 6. d4 d6 7. Nf3 Bg4 8. Be2 O-O
9. exd6 exd6 10. O-O d5 11. c5 N6d7 12. Nc3 c6 13. h3 Bf5 14. b4 Nf6 15. Bd3 Ne4
16. Re1 Re8 17. Qc2 Nxc3 18. Bxf5 Ne4 19. Bxe4 dxe4 20. Rxe4 Nd7 21. Rxe8+ Qxe8
22. Re1 Qd8 23. d5 Bxb2 24. dxc6 Nxc5 1-0

[Event "European Blitz 2014"]
[Site "Wroclaw POL"]
[Date "2014.12.19"]
[Round "1.1"]
[White "Somyk, Marcin"]
[Black "Shimanov, Aleksandr"]
[Result "0-1"]
[BlackTitle "GM"]
[WhiteElo "1988"]
[BlackElo "2591"]
[WhiteFideId "1123378"]
[BlackFideId "4198603"]
[EventDate "2014.12.19"]

1. d4 Nf6 2. c4 g6 3. Nc3 Bg7 4. e4 O-O 5. Bd3 d6 6. Nge2 c5 7. d5 e6 8. O-O Ng4
9. Bf4 Ne5 10. Bxe5 Bxe5 11. f4 Bg7 12. Kh1 exd5 13. cxd5 a6 14. a4 Nd7 15. a5
Rb8 16. Ng3 Re8 17. Qc2 Qh4 18. Rae1 Nf6 19. Be2 b5 20. axb6 Rxb6 21. Bf3 Qxf4
22. Nce2 Qe5 23. Nc3 h5 24. Nge2 Bd7 25. Nc1 c4 26. N1e2 Reb8 27. Rb1 Nh7 28. g3
Nf6 29. Bg2 Ng4 30. Rf4 Bh6 31. Rxg4 Bxg4 32. h3 Bxe2 33. Qxe2 Qxg3 34. Na4 Rb4
35. Nc3 Bf4 0-1

[Event "European Blitz 2014"]
[Site "Wroclaw POL"]
[Date "2014.12.19"]
[Round "1.1"]
[White "Edouard, Romain"]
[Black "Kanicki, Krzysztof"]
[Result "1-0"]
[WhiteTitle "GM"]
[WhiteElo "2659"]
[BlackElo "2029"]
[WhiteFideId "633429"]
[BlackFideId "1163450"]
[EventDate "2014.12.19"]

1. d4 d5 2. c4 c6 3. Nf3 Nf6 4. Nbd2 Bf5 5. Qb3 Qb6 6. Nh4 Bg6 7. Qh3 Qc7 8.
Nxg6 fxg6 9. e3 Qd7 10. Qxd7+ Nbxd7 11. cxd5 cxd5 12. Nb1 e6 13. Nc3 a6 14. Bd2
Bd6 15. g3 Ke7 16. Bh3 Rac8 17. Ke2 Rc7 18. f3 e5 19. Bxd7 Rxd7 20. dxe5 Bxe5
21. Rhd1 d4 22. exd4 Rxd4 23. f4 Bc7 24. Be3 Rxd1 25. Rxd1 Rd8 26. Bd4 Kf7 27.
Na4 b5 28. Nc5 Bb6 29. Nb3 Bxd4 30. Nxd4 Rd6 31. Kd3 Ke7 32. b4 Kd7 33. a3 Nd5
34. Re1 Nb6 35. Ke4 Nc4 36. Nf3 Nxa3 37. Ne5+ Ke7 38. Kf3 Kf6 39. g4 g5 40.
fxg5+ Kxg5 41. Nf7+ 1-0

[Event "European Blitz 2014"]
[Site "Wroclaw POL"]
[Date "2014.12.19"]
[Round "1.1"]
[White "Psyk, Radoslaw"]
[Black "Matlakov, Maxim"]
[Result "0-1"]
[BlackTitle "GM"]
[WhiteElo "2068"]
[BlackElo "2695"]
[WhiteFideId "1182838"]
[BlackFideId "4168003"]
[EventDate "2014.12.19"]

1. e4 c5 2. Nf3 d6 3. c3 Nf6 4. Be2 Bd7 5. d3 g6 6. O-O Bg7 7. Re1 O-O 8. Nbd2
Bc6 9. Nf1 Nbd7 10. Be3 b5 11. Qd2 c4 12. Ng3 cxd3 13. Bxd3 Nc5 14. e5 Ng4 15.
exd6 Qxd6 16. Bxc5 Qxc5 17. h3 Bxf3 18. gxf3 Ne5 19. Rad1 Nxf3+ 0-1

[Event "European Blitz 2014"]
[Site "Wroclaw POL"]
[Date "2014.12.19"]
[Round "1.1"]
[White "Kovalenko, Igor"]
[Black "Smieszek, Wojciech"]
[Result "1-0"]
[WhiteTitle "GM"]
[WhiteElo "2653"]
[BlackElo "2085"]
[WhiteFideId "14117908"]
[BlackFideId "1156047"]
[EventDate "2014.12.19"]

1. d4 Nf6 2. Nf3 c5 3. d5 e6 4. c4 exd5 5. cxd5 d6 6. Nc3 g6 7. g3 Bg7 8. Bg2
O-O 9. O-O a6 10. a4 Re8 11. Nd2 Nbd7 12. h3 Rb8 13. Nc4 Ne5 14. Na3 h6 15. f4
Ned7 16. e4 Nh7 17. Kh2 f5 18. Nc4 Qc7 19. a5 b5 20. axb6 Nxb6 21. Na5 Bd7 22.
Nc6 Bxc6 23. dxc6 Bxc3 24. Qb3+ c4 25. Qxc3 fxe4 26. Rxa6 Qxc6 27. f5 g5 28. f6
Kf7 29. Be3 Qb5 30. Rxb6 Rxb6 31. Bxb6 Qxb6 32. Qxc4+ Re6 33. Qa4 Nxf6 34. Qd7+
Re7 35. Qf5 Qxb2 36. Qh7+ Ke6 37. Qxh6 Qe5 38. h4 Kf7 39. hxg5 e3 40. gxf6 Re8
41. Qh7+ Ke6 42. Bh3+ Kd5 43. Qd3+ Qd4 44. Bg2+ Ke5 45. Qf5# 1-0

[Event "European Blitz 2014"]
[Site "Wroclaw POL"]
[Date "2014.12.19"]
[Round "1.1"]
[White "Ragger, Markus"]
[Black "Goslawski, Michal"]
[Result "1-0"]
[WhiteTitle "GM"]
[WhiteElo "2651"]
[BlackElo "2151"]
[WhiteFideId "1610856"]
[BlackFideId "1171259"]
[EventDate "2014.12.19"]

1. d4 Nf6 2. c4 g6 3. Nc3 Bg7 4. e4 d6 5. Be2 O-O 6. Nf3 Bg4 7. Be3 Nfd7 8. Qd2
Nc6 9. d5 Bxf3 10. gxf3 Ncb8 11. Bh6 e6 12. h4 Qf6 13. O-O-O Bxh6 14. Qxh6 e5
15. Rdg1 Na6 16. h5 Qf4+ 17. Qxf4 exf4 18. Rh4 Nac5 19. Rxf4 a5 20. Rh4 Kg7 21.
f4 f5 22. hxg6 hxg6 23. Bh5 Rf6 24. exf5 Rh8 25. fxg6 Nf8 26. Kd2 Rf5 27. Rg5
Rxg5 28. fxg5 Nxg6 29. Rh1 Nf4 30. Bf3 Rxh1 31. Bxh1 Kg6 32. Nb5 Ncd3 33. Be4+ 1-0

[Event "European Blitz 2014"]
[Site "Wroclaw POL"]
[Date "2014.12.19"]
[Round "1.2"]
[White "Szewczyk, Mariusz2"]
[Black "Korobov, Anton"]
[Result "0-1"]
[BlackTitle "GM"]
[WhiteElo "2049"]
[BlackElo "2693"]
[WhiteFideId "1147579"]
[BlackFideId "14105730"]
[EventDate "2014.12.19"]

1. e4 c5 2. Nf3 d6 3. e5 a6 4. d4 cxd4 5. exd6 Qxd6 6. Qxd4 Qxd4 7. Nxd4 e5 8.
Nf3 Nc6 9. Bd3 f5 10. Bc4 h6 11. c3 g5 12. h4 g4 13. Ng1 Nf6 14. g3 b5 15. Bb3
Bb7 16. Ne2 Na5 17. O-O Nxb3 18. axb3 Ne4 19. Be3 Ng5 20. Nd2 Nf3+ 21. Nxf3 gxf3
22. Nc1 f4 23. Bd2 O-O-O 24. Rd1 Rg8 25. Kh2 Bc5 26. b4 Bxf2 27. gxf4 Rg2+ 0-1

[Event "European Blitz 2014"]
[Site "Wroclaw POL"]
[Date "2014.12.19"]
[Round "1.2"]
[White "Savchenko, Boris"]
[Black "Ziebinski, Bartosz"]
[Result "1-0"]
[WhiteTitle "GM"]
[WhiteElo "2599"]
[BlackElo "1985"]
[WhiteFideId "4147332"]
[BlackFideId "1139550"]
[EventDate "2014.12.19"]

1. e4 c5 2. Nf3 d6 3. d4 cxd4 4. Nxd4 Nf6 5. Nc3 a6 6. Bg5 e6 7. f4 Be7 8. Qe2
Qc7 9. O-O-O Nbd7 10. g4 b5 11. Bxf6 gxf6 12. Qe3 Nc5 13. Nce2 Bb7 14. Ng3 O-O-O
15. Bg2 Kb8 16. Kb1 Rhg8 17. h3 d5 18. exd5 Bxd5 19. Bf3 Rd7 20. Nge2 Rgd8 21.
c3 Qb7 22. Rhf1 Bxf3 23. Rxf3 Ne4 24. Rdf1 Bc5 25. Qc1 b4 26. Nb3 Nd2+ 27. Nxd2
Rxd2 28. Ng3 a5 29. cxb4 Bxb4 30. a3 Bxa3 31. Rxa3 Qb4 32. Rff3 a4 33. Ka2 Rd1
34. Qc6 Qe1 35. Qb6+ Kc8 36. Qc6+ Kb8 37. Rfb3+ axb3+ 38. Rxb3+ Ka7 39. Qb7# 1-0

[Event "European Blitz 2014"]
[Site "Wroclaw POL"]
[Date "2014.12.19"]
[Round "1.2"]
[White "Kiolbasa, Oliwia"]
[Black "Riazantsev, Alexander"]
[Result "0-1"]
[WhiteTitle "WFM"]
[BlackTitle "GM"]
[WhiteElo "2133"]
[BlackElo "2684"]
[WhiteFideId "1154613"]
[BlackFideId "4125029"]
[EventDate "2014.12.19"]

1. e4 c6 2. d4 d5 3. Nc3 dxe4 4. Nxe4 Bf5 5. Ng3 Bg6 6. Bc4 e6 7. Nf3 Nd7 8. O-O
Bd6 9. c3 Ngf6 10. Re1 Qc7 11. a4 O-O 12. Nh4 c5 13. Nxg6 hxg6 14. dxc5 Nxc5 15.
Ba2 Rfd8 16. Qe2 Bf4 17. Bc4 Rac8 18. b3 Bxc1 19. Raxc1 Nxa4 20. Ne4 Nxe4 21.
Qxe4 Nb6 22. Bf1 Nd5 23. c4 Nf6 24. Qf3 a5 25. g3 b6 26. Bg2 Qc5 27. Rcd1 g5 28.
Qc3 Rd6 29. Rxd6 Qxd6 30. Qf3 Rd8 31. Qb7 g4 32. Bc6 Qc5 33. Bg2 g6 34. Rf1 Kg7
35. Re1 Rd2 36. Rf1 Qd4 37. Qc6 Rb2 38. Qb5 Qc5 39. Qa4 Nh7 40. Qa1 Qd4 41. Be4
Nf6 42. Bg2 e5 43. Kh1 Rxf2 44. Qxd4 Rxf1+ 45. Bxf1 exd4 46. Bd3 Nd7 47. Kg2 Nc5
48. Bc2 Kf6 49. Kf2 d3 50. Bd1 Ke5 51. Ke3 f5 52. Kd2 Kd4 0-1

[Event "European Blitz 2014"]
[Site "Wroclaw POL"]
[Date "2014.12.19"]
[Round "1.2"]
[White "Shimanov, Aleksandr"]
[Black "Somyk, Marcin"]
[Result "1-0"]
[WhiteTitle "GM"]
[WhiteElo "2591"]
[BlackElo "1988"]
[WhiteFideId "4198603"]
[BlackFideId "1123378"]
[EventDate "2014.12.19"]

1. e4 c5 2. Nf3 Nc6 3. Bb5 d6 4. O-O Bd7 5. c3 Nf6 6. Re1 a6 7. Bf1 Bg4 8. h3
Bh5 9. d3 e6 10. Nbd2 Be7 11. g4 Bg6 12. Bg2 O-O 13. Nf1 Nd7 14. Ng3 d5 15. Qe2
Re8 16. g5 f6 17. h4 Bf7 18. Bh3 Nf8 19. Kh2 Bd6 20. Rg1 Kh8 21. Kh1 e5 22. gxf6
gxf6 23. Nf5 Ne6 24. Nh6 Bh5 25. Bg4 dxe4 26. Bxh5 exf3 27. Nf7# 1-0

[Event "European Blitz 2014"]
[Site "Wroclaw POL"]
[Date "2014.12.19"]
[Round "1.2"]
[White "Kanicki, Krzysztof"]
[Black "Edouard, Romain"]
[Result "0-1"]
[BlackTitle "GM"]
[WhiteElo "2029"]
[BlackElo "2659"]
[WhiteFideId "1163450"]
[BlackFideId "633429"]
[EventDate "2014.12.19"]

1. e4 c5 2. Nf3 d6 3. d4 cxd4 4. Nxd4 Nf6 5. Nc3 Bd7 6. Bg5 e6 7. Qd2 a6 8.
O-O-O b5 9. f4 b4 10. Nce2 Nxe4 11. Bxd8 Nxd2 12. Rxd2 Kxd8 13. g3 Ra7 14. Bg2
Rc7 15. Kb1 g6 16. c3 bxc3 17. Nxc3 Nc6 18. Rhd1 Nxd4 19. Rxd4 d5 20. Rc1 Bg7
21. Rb4 Bxc3 22. Rb8+ Bc8 23. bxc3 Kd7 24. Bf1 Rb7+ 25. Rxb7+ Bxb7 26. Kc2 Bc6
27. Rb1 Kc7 28. Kd2 h5 29. h4 a5 30. Bd3 Rb8 31. Rxb8 Kxb8 32. Ke3 Kc7 33. Kd4
Kd6 34. c4 dxc4 35. Bc2 Bd5 36. a3 Bf3 37. Kxc4 Be2+ 38. Kd4 Bb5 39. Bb1 Be8 40.
Bc2 f6 41. Bb3 Bf7 42. Bc2 e5+ 43. fxe5+ fxe5+ 44. Ke3 Ke6 45. Bb3+ Kf6 46. Bc2
Be6 47. Bd1 Bf5 48. Be2 Ke6 49. Bc4+ Kd6 50. Kd2 Kc5 51. Kc3 e4 52. Be2 e3 53.
Ba6 Bh3 54. Bb7 Bf5 55. Bf3 Kb5 56. Be2+ Ka4 57. Kb2 Bg4 58. Bc4 e2 59. Bd5 Kb5
60. Bb3 Kc5 0-1

[Event "European Blitz 2014"]
[Site "Wroclaw POL"]
[Date "2014.12.19"]
[Round "1.2"]
[White "Matlakov, Maxim"]
[Black "Psyk, Radoslaw"]
[Result "1-0"]
[WhiteTitle "GM"]
[WhiteElo "2695"]
[BlackElo "2068"]
[WhiteFideId "4168003"]
[BlackFideId "1182838"]
[EventDate "2014.12.19"]

1. e4 e6 2. Qe2 c5 3. Nf3 Nc6 4. g3 d5 5. d3 Nf6 6. Bg2 Be7 7. O-O O-O 8. e5 Nd7
9. c4 Qc7 10. Bf4 dxc4 11. dxc4 Nd4 12. Nxd4 cxd4 13. Nd2 g5 14. Qg4 h5 15. Qxh5
gxf4 16. Be4 f5 17. Qg6+ Kh8 18. Qh6+ Kg8 19. Qxe6+ Rf7 20. Bd5 Nxe5 21. Qh6 Qd6
22. Bxf7+ Nxf7 23. Qh5 Qh6 24. Qxh6 Nxh6 25. Nf3 fxg3 26. hxg3 Bc5 27. Rad1 Be6
28. b3 Rd8 29. Rfe1 Bf7 30. Ne5 Bh5 31. Rd3 Nf7 32. Nf3 f4 33. gxf4 Bg6 34. Rdd1
d3 35. Re6 Bh5 36. Kg2 Kg7 37. Rh1 Bg4 38. Ree1 Bb4 39. Rd1 Nh6 40. Kg3 Be6 41.
Ne5 Nf5+ 42. Kg2 b6 43. Rxd3 Rxd3 44. Nxd3 Bd7 45. Nxb4 1-0

[Event "European Blitz 2014"]
[Site "Wroclaw POL"]
[Date "2014.12.19"]
[Round "1.2"]
[White "Smieszek, Wojciech"]
[Black "Kovalenko, Igor"]
[Result "0-1"]
[BlackTitle "GM"]
[WhiteElo "2085"]
[BlackElo "2653"]
[WhiteFideId "1156047"]
[BlackFideId "14117908"]
[EventDate "2014.12.19"]

1. e4 c6 2. d4 d5 3. Nc3 dxe4 4. Nxe4 Nd7 5. Ng5 Ngf6 6. Bd3 g6 7. N1f3 Bg7 8.
c3 O-O 9. Be3 h6 10. Ne4 Nd5 11. Bd2 Qb6 12. Qc2 c5 13. dxc5 Nxc5 14. Nxc5 Qxc5
15. O-O Bg4 16. Be4 Rfd8 17. Bxd5 Qxd5 18. Nd4 e5 19. Nb3 Rac8 20. Rad1 Bxd1 21.
Rxd1 b6 22. Re1 f5 23. f3 a5 24. Be3 Rc6 25. Qf2 a4 26. Nc1 b5 27. Ne2 Qxa2 28.
Qh4 Rd7 29. Bxh6 Qc4 30. Bxg7 Qxh4 0-1

[Event "European Blitz 2014"]
[Site "Wroclaw POL"]
[Date "2014.12.19"]
[Round "2.1"]
[White "Brendel, Oliver"]
[Black "Korobov, Anton"]
[Result "0-1"]
[WhiteTitle "IM"]
[BlackTitle "GM"]
[WhiteElo "2348"]
[BlackElo "2693"]
[WhiteFideId "4602048"]
[BlackFideId "14105730"]
[EventDate "2014.12.19"]

1. c4 Nf6 2. g3 g6 3. Bg2 Bg7 4. Nc3 O-O 5. Nf3 Nc6 6. O-O a6 7. e4 d6 8. d3 Bg4
9. Be3 Nd7 10. h3 Bxf3 11. Bxf3 Nd4 12. Bg2 c5 13. Rb1 b5 14. b3 Rb8 15. Ne2 Qa5
16. Qd2 Qxd2 17. Bxd2 Nxe2+ 0-1

[Event "European Blitz 2014"]
[Site "Wroclaw POL"]
[Date "2014.12.19"]
[Round "2.1"]
[White "Savchenko, Boris"]
[Black "Pedini, Dario"]
[Result "1-0"]
[WhiteTitle "GM"]
[WhiteElo "2599"]
[BlackElo "2251"]
[WhiteFideId "4147332"]
[BlackFideId "824623"]
[EventDate "2014.12.19"]

1. e4 e5 2. Nf3 Nc6 3. Bb5 Nge7 4. c3 d6 5. d4 Bd7 6. d5 Nb8 7. Bxd7+ Qxd7 8.
Qe2 a5 9. c4 Na6 10. Nc3 Ng6 11. Be3 Be7 12. Nd2 O-O 13. g3 f5 14. exf5 Rxf5 15.
b3 Raf8 16. a3 Bg5 17. O-O Nf4 18. Bxf4 exf4 19. Nce4 Be7 20. f3 fxg3 21. hxg3
Bf6 22. Rae1 Bd4+ 23. Kg2 Rh5 24. g4 Rh6 25. f4 Nc5 26. f5 Qd8 27. Nf3 Nxe4 28.
Qxe4 Bc5 29. g5 Rh5 30. Qg4 g6 31. f6 Re8 32. Re6 Kf7 33. Rfe1 c6 1-0

[Event "European Blitz 2014"]
[Site "Wroclaw POL"]
[Date "2014.12.19"]
[Round "2.1"]
[White "Gajic, Mladen"]
[Black "Riazantsev, Alexander"]
[Result "1-0"]
[BlackTitle "GM"]
[WhiteElo "2210"]
[BlackElo "2684"]
[WhiteFideId "1709178"]
[BlackFideId "4125029"]
[EventDate "2014.12.19"]

1. d4 e6 2. e4 d5 3. exd5 exd5 4. Bd3 Nf6 5. Nf3 c5 6. O-O c4 7. Be2 Bd6 8. b3
cxb3 9. axb3 O-O 10. c4 Nc6 11. Nc3 h6 12. c5 Bc7 13. Ra4 Bg4 14. h3 Bh5 15. Nb5
Bb8 16. Be3 Ne4 17. Qc1 Re8 18. b4 a6 19. Nc3 Bc7 20. Rd1 Qd7 21. b5 axb5 22.
Rxa8 Rxa8 23. Nxb5 Bb8 24. Qb2 Nd8 25. Nc3 Ne6 26. Qb3 Nxc3 27. Qxc3 Qc7 28. Qb3
Qd7 29. Rb1 Ra7 30. Bb5 Qd8 31. Be2 Bc7 32. Qb5 Ra2 33. Bd1 Ra7 34. Qb3 Bg6 35.
Bc2 Be4 36. Ne1 Bxc2 37. Qxc2 Bb8 38. Nd3 Qc7 39. g3 Qd7 40. Qb3 Nd8 41. Qb5 Nc6
42. Bf4 Bxf4 43. Nxf4 g5 44. Nh5 Qf5 45. Re1 Kh7 46. Qb6 Kg6 47. g4 Qf3 48. Ng3
Qf4 49. Nf5 Qd2 50. Re8 Qc1+ 51. Kg2 Ra1 52. Ng3 Qg1+ 53. Kf3 Qd1+ 54. Kg2 Qg1+
55. Kf3 Ra3+ 56. Re3 Rxe3+ 57. Kxe3 Qc1+ 58. Kf3 Qf4+ 59. Kg2 Qxd4 60. Qxb7 Qxc5
61. Qd7 d4 62. Ne4 Qc4 63. Qd6+ Kh7 64. Nf6+ Kg7 65. Nh5+ Kg8 66. Qxh6 Qd5+ 67.
Kg1 Qe5 68. Nf6+ 1-0

[Event "European Blitz 2014"]
[Site "Wroclaw POL"]
[Date "2014.12.19"]
[Round "2.1"]
[White "Navara, David"]
[Black "Nasuta, Grzegorz"]
[Result "1-0"]
[WhiteTitle "GM"]
[BlackTitle "FM"]
[WhiteElo "2727"]
[BlackElo "2351"]
[WhiteFideId "309095"]
[BlackFideId "1141686"]
[EventDate "2014.12.19"]

1. d4 Nf6 2. c4 g6 3. Nc3 d5 4. e3 Bg7 5. cxd5 Nxd5 6. Nxd5 Qxd5 7. Ne2 O-O 8.
Nc3 Qd8 9. Be2 c5 10. d5 b6 11. O-O Bb7 12. e4 Nd7 13. Bg5 Re8 14. f4 Qc7 15. e5
f6 16. Bc4 Kh8 17. Bh4 fxe5 18. f5 Nf8 19. Ne4 gxf5 20. Rxf5 Ng6 21. Ng5 Nxh4
22. Qh5 h6 23. Rf7 Qd6 24. Rxg7 Qf6 25. Rh7+ Kg8 26. Rxh6 1-0

[Event "European Blitz 2014"]
[Site "Wroclaw POL"]
[Date "2014.12.19"]
[Round "2.1"]
[White "Gumula, Daniel"]
[Black "Vitiugov, Nikita"]
[Result "0-1"]
[WhiteTitle "FM"]
[BlackTitle "GM"]
[WhiteElo "2248"]
[BlackElo "2738"]
[WhiteFideId "1123122"]
[BlackFideId "4152956"]
[EventDate "2014.12.19"]

1. d4 Nf6 2. c4 e6 3. Nc3 Bb4 4. Qc2 O-O 5. a3 Bxc3+ 6. Qxc3 b5 7. Qf3 Nc6 8. e3
Bb7 9. cxb5 Nxd4 10. Qd1 Nf5 11. Nf3 Ne4 12. g3 Nfd6 13. a4 Ng5 14. Bg2 Qf6 15.
e4 Nxf3+ 16. Bxf3 Bxe4 17. Bxe4 Nxe4 18. O-O d5 19. f3 Nd6 20. Be3 Nc4 21. Bd4
e5 22. Bc5 Rfd8 23. b3 Nb6 24. f4 d4 25. Qf3 Nd7 26. Rac1 Qe6 27. f5 Qe8 28.
Rfe1 Nxc5 29. Rxc5 Qd7 30. f6 d3 31. Rcxe5 d2 32. Rd1 Re8 33. Qe3 0-1

[Event "European Blitz 2014"]
[Site "Wroclaw POL"]
[Date "2014.12.19"]
[Round "2.1"]
[White "Shimanov, Aleksandr"]
[Black "Krasenkova, Ilena"]
[Result "1-0"]
[WhiteTitle "GM"]
[BlackTitle "WIM"]
[WhiteElo "2591"]
[BlackElo "2090"]
[WhiteFideId "4198603"]
[BlackFideId "4119037"]
[EventDate "2014.12.19"]

1. Nf3 Nf6 2. g3 g6 3. Bg2 Bg7 4. O-O O-O 5. c4 d5 6. cxd5 Nxd5 7. Nc3 Nb6 8. d4
Nc6 9. e3 e5 10. d5 Na5 11. e4 c6 12. b3 cxd5 13. exd5 e4 14. Nxe4 Qxd5 15. Qxd5
Nxd5 16. Ba3 Bxa1 17. Bxf8 Kxf8 18. Rxa1 Be6 19. Nfg5 h6 20. Nxe6+ fxe6 21. Rc1
Nc6 22. Nc5 Ke7 23. Re1 Kd6 24. Nxb7+ Kc7 25. Nc5 Ndb4 26. a3 Nc2 27. Rc1 N2d4
28. Nxe6+ Kd6 29. Nxd4 Nxd4 30. Rd1 Re8 31. Rxd4+ Kc5 32. Rc4+ Kb5 33. Kf1 Rd8
34. Ke2 a5 35. a4+ Kb6 36. Rc6+ Ka7 37. Rxg6 1-0

[Event "European Blitz 2014"]
[Site "Wroclaw POL"]
[Date "2014.12.19"]
[Round "2.1"]
[White "Dorner, Matthias"]
[Black "Edouard, Romain"]
[Result "0-1"]
[WhiteTitle "FM"]
[BlackTitle "GM"]
[WhiteElo "2204"]
[BlackElo "2659"]
[WhiteFideId "4602927"]
[BlackFideId "633429"]
[EventDate "2014.12.19"]

1. d4 Nf6 2. c3 b6 3. Bf4 Bb7 4. Nd2 g6 5. e3 Bg7 6. h4 d6 7. Ngf3 Nbd7 8. Qb3
e6 9. a4 a5 10. Be2 Qe7 11. Nc4 h6 12. Qa3 O-O 13. Nxd6 cxd6 14. Bxd6 Qd8 15.
Bxf8 Bxf8 16. Qb3 Kg7 17. Rd1 Qc7 18. c4 Bb4+ 19. Kf1 Ne4 20. Bd3 Rd8 21. Qc2 f5
22. Rh3 Ndf6 23. Ne1 Ng4 24. Bxe4 fxe4 25. Qe2 h5 26. f3 Nh6 27. fxe4 Bxe4 28.
Nf3 Nf5 29. Ng5 Qc6 30. Kg1 Be7 31. Nxe4 Qxe4 32. Qf3 Qxf3 33. Rxf3 Nxh4 34. Rf4
Nf5 35. Re4 Bg5 36. Rd3 Kf6 37. d5 e5 38. g4 Nd6 0-1

[Event "European Blitz 2014"]
[Site "Wroclaw POL"]
[Date "2014.12.19"]
[Round "2.1"]
[White "Matlakov, Maxim"]
[Black "Jancovic, Peter"]
[Result "1-0"]
[WhiteTitle "GM"]
[WhiteElo "2695"]
[BlackElo "2171"]
[WhiteFideId "4168003"]
[BlackFideId "14913321"]
[EventDate "2014.12.19"]

1. Nf3 Nf6 2. c4 c5 3. Nc3 Nc6 4. e3 g6 5. d4 cxd4 6. exd4 Bg7 7. d5 Nb8 8. Be2
d6 9. O-O O-O 10. h3 Nbd7 11. Be3 a6 12. Qd2 Re8 13. Rfe1 Qc7 14. Rac1 Nc5 15.
b4 Nce4 16. Nxe4 Nxe4 17. Qc2 Nf6 18. Qb3 Bd7 19. c5 e6 20. Bf4 Nxd5 21. Bxd6
Qd8 22. Bc4 Bc6 23. a4 b5 24. axb5 axb5 25. Bf1 Ra4 26. Ne5 Bxe5 27. Bxe5 Rxb4
28. Qg3 Qh4 29. Qf3 Rc8 30. Ra1 h6 31. Ra7 Rf8 32. Ra6 Bb7 33. Ra7 Ba8 34. Bd6
Ra4 35. Rxa4 Qxa4 36. Bxf8 Kxf8 37. Qg3 Kg7 38. Qe5+ Kg8 39. Qb8+ Kg7 40. Qxb5
Qa3 41. Rb1 Nf6 1-0

[Event "European Blitz 2014"]
[Site "Wroclaw POL"]
[Date "2014.12.19"]
[Round "2.1"]
[White "Paszewski, Mateusz"]
[Black "Kovalenko, Igor"]
[Result "0-1"]
[BlackTitle "GM"]
[WhiteElo "2191"]
[BlackElo "2653"]
[WhiteFideId "1141058"]
[BlackFideId "14117908"]
[EventDate "2014.12.19"]

1. c4 e6 2. g3 d5 3. Bg2 Nf6 4. Nf3 Be7 5. O-O O-O 6. b3 c5 7. Bb2 d4 8. e3 Nc6
9. exd4 cxd4 10. d3 e5 11. Re1 Nd7 12. a3 a5 13. Nbd2 Re8 14. Qc2 Ra6 15. h4 Bf8
16. Bh3 Nc5 17. Bxc8 Qxc8 18. Ne4 b6 19. Re2 f6 20. Nxc5 bxc5 21. Nd2 Rb6 22.
Kg2 Qb7 23. Nf3 Rxb3 24. Bc1 Rb8 25. h5 a4 26. Kh2 Qa8 27. Nh4 Rc3 28. Qd2 Rbb3
29. Re1 Rxd3 30. Qe2 Ne7 31. Qg4 Qc8 32. Qe4 Qc6 33. Qg4 Rdc3 34. Bd2 Rc2 35.
Rad1 Rbb2 36. Re2 d3 0-1